000 00269nam a22001217a 4500
008 260327b ||||| |||| 00| 0 eng d
041 _aeng
080 _a821.18
100 _a25
101 _aTregime
245 _aTekste të vjetra
_cRexhep Ismajli
942 _2udc
_cBK
999 _c60949
_d60949